| 000 | 00477nam a22001337a 4500 | ||
|---|---|---|---|
| 082 |
_a340 _bTAR |
||
| 100 | _aTariq, Hamza & Khan, Safian | ||
| 245 |
_aRegulating Generative AI: _bThe Need for A Framework for Liability & Intellectual Property Rights / _cHamza Tariq & Safian Khan |
||
| 260 |
_aIslamabad : _bNUST Law School, _c2025. |
||
| 300 |
_a61 p. ; _c30 CM. |
||
| 563 | _aHBK. | ||
| 856 | _uhttp://10.250.8.41:8080/xmlui/handle/123456789/56162 | ||
| 942 |
_2ddc _cBK |
||
| 999 |
_c615633 _d615633 |
||